{"text_format":"3","workbook":"xlsx","n_sheets":1,"sheets":["附表"],"not_rendered":{"defined_names":1},"read":"whole","date_system":"1900"}

{"sheet":"附表","index":0,"n_rows":76,"n_cols":8,"rows_kept":76,"merged":[[0,0,0,7],[2,0,2,5],[5,1,7,1],[15,0,15,5],[26,0,26,5],[39,0,39,5],[53,0,53,5],[64,0,64,5],[75,0,75,1],[75,2,75,4]]}
["医学部一站式学生社区服务中心项目-采购部分价格审定表"]
["序号","名称","参数信息","单位","数量","单价（元）","金额\n(元)","备注"]
["3、4栋服务大厅",{"$nulls":5},{"$f":"SUM(G4:G15)","v":{"v":31886,"d":"31886.00"}}]
[1,"办公椅","不锈钢脚，皮质靠垫","张",{"v":5,"d":"5.00"},{"v":360,"d":"360.00"},{"$f":"E4*F4","v":{"v":1800,"d":"1800.00"}}]
[2,"等候椅","加厚加固三人位等候椅，钢制结构+高弹海绵皮垫，长2.9m*宽0.65m*高0.78m，尺寸误差不超过±10mm。","套",{"v":2,"d":"2.00"},{"v":1350,"d":"1350.00"},{"$f":"E5*F5","v":{"v":2700,"d":"2700.00"}}]
[3,"背景墙水晶字","中文侧厚1.5cm水晶焗漆字，高39cm*长39cm；","个",{"v":11,"d":"11.00"},{"v":200,"d":"200.00"},{"v":2200,"d":"2200.00"}]
[4,null,"英文侧厚1.5cm水晶焗漆字，高8.2cm*长8.2cm；","个",{"v":36,"d":"36.00"},{"v":50,"d":"50.00"},{"v":1800,"d":"1800.00"}]
[5,null,"LOGO8+3水晶字","套",{"v":1,"d":"1.00"},{"v":490,"d":"490.00"},{"v":490,"d":"490.00"}]
[6,"墙面灯箱","LED软膜灯箱1m*1.8m，铝型材边框，LED灯珠，铝箔反光底板，高清软膜UV，尺寸误差不超过±10mm。","m2",{"v":5.4,"d":"5.40"},{"v":220,"d":"220.00"},{"v":1188,"d":"1188.00"}]
[7,"制度牌","5mm亚克力倒角，画面高清uv,长0.9m*高0.6m，尺寸误差不超过±10mm。","块",{"v":3,"d":"3.00"},{"v":220,"d":"220.00"},{"v":660,"d":"660.00"}]
[8,"书报架","银灰色网篮款。规格：宽635mm*侧厚365mm*高1275mm，重量：5.5kg/个","个",{"v":1,"d":"1.00"},{"v":246,"d":"246.00"},{"v":246,"d":"246.00"}]
[9,"服务台吊牌","2cmPVC+5mm亚克力造型，画面高清UV，长100cm*高35cm，尺寸误差不超过±10mm。","套",{"v":4,"d":"4.00"},{"v":288,"d":"288.00"},{"v":1152,"d":"1152.00"}]
[10,"电脑","型号:麒麟9000C，核心/线程：8C/12T，主频2.35Ghz，最高内存支持16GB LPDDR5，最高存储支持1T SSD+2TB HDD，显卡：集卡，机箱尺寸93*315.5*293mm，支持系统：麒麟/统信，显示接口VGA+HDMI","套",{"v":3,"d":"3.00"},{"v":5400,"d":"5400.00"},{"v":16200,"d":"16200.00"}]
[11,"台式打印机","得力DM28ADN  黑白激光打印、复印、彩色扫描，28ppm，自动双面打印16ppm，1200x1200dpi打印分辨率，35页自动进稿器，3700页大容量硒鼓。","台",{"v":1,"d":"1.00"},{"v":2650,"d":"2650.00"},{"v":2650,"d":"2650.00"}]
[12,"窗帘","天鹅绒麻米白色布艺窗帘克重：1200g/m+罗马杆，宽2m*高2.2m*2套","套",{"v":2,"d":"2.00"},{"v":400,"d":"400.00"},{"v":800,"d":"800.00"}]
["3、4栋辅导员工作室",{"$nulls":5},{"$f":"SUM(G17:G26)","v":{"v":35540,"d":"35540.00"}}]
[1,"办公桌","木质结构，长140cm*宽70cm*高75cm，尺寸误差不超过±10mm","张",{"v":4,"d":"4.00"},{"v":720,"d":"720.00"},{"$f":"E17*F17","v":{"v":2880,"d":"2880.00"}}]
[2,"办公椅","不锈钢脚，皮质靠垫。宽500mm*侧厚500mm*高950mm；","张",{"v":4,"d":"4.00"},{"v":360,"d":"360.00"},{"$f":"E18*F18","v":{"v":1440,"d":"1440.00"}}]
[3,"文件柜","铁皮文件柜，长85cm*宽39cm*高180cm，尺寸误差不超过±10mm。","个",{"v":5,"d":"5.00"},{"v":700,"d":"700.00"},{"v":3500,"d":"3500.00"}]
[4,"背景墙水晶字","8+3水晶字，25.5cm*25.5cm*8","组",{"v":2,"d":"2.00"},{"v":450,"d":"450.00"},{"v":900,"d":"900.00"}]
[5,"电脑","型号:麒麟9000C，核心/线程：8C/12T，主频2.35Ghz，最高内存支持16GB LPDDR5，最高存储支持1T SSD+2TB HDD，显卡：集卡，机箱尺寸93*315.5*293mm，支持系统：麒麟/统信，显示接口VGA+HDMI","套",{"v":2,"d":"2.00"},{"v":5400,"d":"5400.00"},{"v":10800,"d":"10800.00"}]
[6,"1.5P空调","1.5P一级能效，皓雪白；制冷量≥3510W；制热量≥5010W；制冷功率≥810W；制热功率≥1250W;外机尺寸802x350x555mm,内机尺寸825x196x293mm;空调功率1.5匹,空调类型:壁挂式,内机循环风量≥640立方米/小时,变频一级能效，室内机噪音≤41dB。","台",{"v":2,"d":"2.00"},{"v":2900,"d":"2900.00"},{"v":5800,"d":"5800.00"}]
[7,"制度牌","5mm亚克力倒角，画面高清uv,长0.9m*高0.6m，尺寸误差不超过±10mm。","块",{"v":6,"d":"6.00"},{"v":220,"d":"220.00"},{"v":1320,"d":"1320.00"}]
[8,"接待桌椅组合","80*80cm仿白石圆桌，75cmPU皮角椅，实木脚，尺寸误差不超过±10mm。","套",{"v":2,"d":"2.00"},{"v":1000,"d":"1000.00"},{"v":2000,"d":"2000.00"}]
[9,"台式打印机","得力DM28ADN  黑白激光打印、复印、彩色扫描，28ppm，自动双面打印16ppm，1200x1200dpi打印分辨率，35页自动进稿器，3700页大容量硒鼓。","台",{"v":2,"d":"2.00"},{"v":2650,"d":"2650.00"},{"v":5300,"d":"5300.00"}]
[10,"窗帘","天鹅绒麻米白色布艺窗帘克重：1200g/m+罗马杆，宽2m*高2.2m*2套","套",{"v":4,"d":"4.00"},{"v":400,"d":"400.00"},{"v":1600,"d":"1600.00"}]
["3、4栋青年成长中心",{"$nulls":5},{"$f":"SUM(G28:G39)","v":29353.88}]
[1,"会议条桌","木质结构，长120cm*宽40cm*高75cm，尺寸误差不超过±10mm","张",{"v":8,"d":"8.00"},{"v":750,"d":"750.00"},{"$f":"E28*F28","v":{"v":6000,"d":"6000.00"}}]
[2,"办公椅","钢制脚，网布靠垫，宽460mm*侧厚460mm*高950mm;","张",{"v":20,"d":"20.00"},{"v":280,"d":"280.00"},{"$f":"E29*F29","v":{"v":5600,"d":"5600.00"}}]
[3,"文件柜","铁皮文件柜，长85cm*宽39cm*高180cm，尺寸误差不超过±10mm。","个",{"v":1,"d":"1.00"},{"v":700,"d":"700.00"},{"v":700,"d":"700.00"}]
[4,"背景墙","中文侧厚1.5cm水晶焗漆字，高39cm*长39cm，尺寸误差不超过±10mm。","㎡",{"v":6,"d":"6.00"},{"v":220,"d":"220.00"},{"v":1320,"d":"1320.00"}]
[5,"背景墙","英文侧厚1.5cm水晶焗漆字，高12cm*长12cm，尺寸误差不超过±10mm。","㎡",{"v":17,"d":"17.00"},{"v":65,"d":"65.00"},{"v":1105,"d":"1105.00"}]
[6,"背景墙","实木免漆板+同色封边底板：3.7m*0.8m，尺寸误差不超过±10mm。","㎡",2.96,{"v":268,"d":"268.00"},793.28]
[7,"投影仪","≥3800流明 分辨率≥1024x768","套",{"v":1,"d":"1.00"},{"v":3580,"d":"3580.00"},{"v":3580,"d":"3580.00"}]
[8,"投影仪幕布","100寸电动幕布","套",{"v":1,"d":"1.00"},{"v":1200,"d":"1200.00"},{"v":1200,"d":"1200.00"}]
[9,"制度牌","5mm亚克力倒角，画面高清uv,长0.9m*高0.6m，尺寸误差不超过±10mm。","块",{"v":4,"d":"4.00"},{"v":220,"d":"220.00"},{"v":880,"d":"880.00"}]
[10,"文化墙","长3.3m*高1.2m,2cmPVC+晶片高清UV，异形雕刻","㎡",3.96,{"v":360,"d":"360.00"},{"v":1425.6,"d":"1425.60"}]
[11,"3P柜式空调","型号:3P，能耗一级节能;安装形式:落地;制冷量≥7290W，制热量≥9710W，制冷功率≥2080W，制热功率≥3100W，能效等级一级变频，内机尺寸372x1810x403mm，外机尺寸965x700x396mm。","台",{"v":1,"d":"1.00"},{"v":6350,"d":"6350.00"},{"v":6350,"d":"6350.00"}]
[12,"窗帘","天鹅绒麻米白色布艺窗帘克重：1200g/m+罗马杆，宽2m*高2.2m*2套","套",{"v":1,"d":"1.00"},{"v":400,"d":"400.00"},{"v":400,"d":"400.00"}]
["1、2栋健康驿站",{"$nulls":5},{"$f":"SUM(G41:G53)","v":61070.36}]
[1,"多功能一体机","综合力量训练器械，多功能一体机三人站；\n产品规格: 205*240*218cm，每项误差不超过±10mm    \n毛重/净重: 192kg/176kg，重量误差不超过0.5KG\n产品特征：主架管，靠背管座位管等关键部位都是50*70的优质钢管，4根钢丝绳，带颈部训练绳功能，可以高拉（前）、高拉（后）、低拉、蝴蝶夹胸、踢腿、立式后踢、立式提拉、曲臂上拉、曲臂、坐式划船，腿部侧向伸展等；可综合训练腹、臂、背、胸、腿、臀部等肌肉，塑造形体，增强人体协调性。可以同时三人一起使用， 配重≥72KG.","台",{"v":1,"d":"1.00"},{"v":6998,"d":"6998.00"},{"$f":"E41*F41","v":{"v":6998,"d":"6998.00"}}]
[2,"跑步机","跑步机；\n产品规格:1955*865*1437mm，每项误差不超过±10mm    \n包装尺寸：2030*900*345mm，每项误差不超过±10mm\n毛重/净重：91/81KG ，重量误差不超过0.5KG                                                                                                                        产品特征：马达功率：2HP，手机可以连接运动APP，跑带尺寸：520*1500mm,速度范围：1-20KM/H坡度：0%-20% 24组预设运动程序，LED显示屏，显示程序，时间，距离，卡路里，心率，速度等，高保真MP3音响，可连接蓝牙，可进入体脂测试，自行设定性别、年龄、身高、体重最大承重：140KG","台",{"v":2,"d":"2.00"},{"v":7360,"d":"7360.00"},{"$f":"E42*F42","v":{"v":14720,"d":"14720.00"}}]
[3,"动感单车","骑行健身动感单车，室内自行车骑行台健身器；\n产品规格：1119*530*1132mm，每项误差不超过±10mm\n外箱尺寸:990*220*765mm，每项误差不超过±10mm\n毛重/净重：34KG/30KG，重量误差不超过0.5KG                                                                                                                  产品特征：6KG飞轮阻力，双向皮带传动，传动比:5.5:1(4PK52英寸)，曲柄半径:(3PCS 曲柄)170mm，承重量为:120KG,前脚管:80*40*1.5 黑腰圆管后脚管:100*40*1.5,黑腰圆管前脚管带滚轮，移动方便\n刹车结构为羊毛毡，座垫:可上下前后调整，电子表可以显示时间，速度，距离，卡路里等","台",{"v":6,"d":"6.00"},{"v":2530,"d":"2530.00"},{"v":15180,"d":"15180.00"}]
[4,"划船器","划船器;\n产品规格：2440*500*1240mm，每项误差不超过±10mm\n折叠尺寸:1350*500*1670mm，每项误差不超过±10mm\n毛重/净重：59KG/49KG，重量误差不超过0.5KG                                                                                                                                产品特征：12套预设程序，电子表显示距离、时间、心跳、可根据心率值设置程序锻炼，有赛车运动模式，在这种模式下，用户可以在与电子表的比赛中享受划船的乐趣。","台",{"v":1,"d":"1.00"},{"v":7980,"d":"7980.00"},{"v":7980,"d":"7980.00"}]
[5,"腹肌板","健腹板\n产品规格：175*60*78cm，每项误差不超过±10mm\n产品毛重：14.5kg/12.5kg，重量误差不超过0.5KG                                 \n产品功能：50*50mm管材，高仿皮靠垫，仰卧起坐快速消耗腹部脂肪，俯卧撑可以锻炼胸部结合臂力锻炼，锻炼胸肌与二头肌，打造力量型胸肌等。","台",{"v":2,"d":"2.00"},{"v":950,"d":"950.00"},{"v":1900,"d":"1900.00"}]
[6,"拳击沙袋","皮质不倒翁沙袋\n高度：175cm；\n主体高度：105cm；\n主体直径：32cm；\n底座高度：75cm；\n底座直径：63cm ；\n体积：0.25m³\n尺寸误差不超过±10mm","套",{"v":2,"d":"2.00"},{"v":750,"d":"750.00"},{"v":1500,"d":"1500.00"}]
[7,"音箱系统","HYUNDAI音响设备套装：10寸低音音箱2个+蓝牙、USB多功能功放+配件+安装；\nA350功放参数，尺寸:430x355x140mm，每项误差不超过±10mm\n重量:约8.3kg，重量误差不超过0.5KG      \n功率:≥800*2CH(8Q)\n话筒输入:3路话筒输入特色:\n蓝牙播放、USB/SD卡播放。\nK10A音箱：尺寸:510x290x298mm，重量:约9.6kg/只，喇叭:10寸低音+3寸高音功率:≥200W*2。","套",{"v":1,"d":"1.00"},{"v":3800,"d":"3800.00"},{"v":3800,"d":"3800.00"}]
[8,"墙面灯箱","LED软膜灯箱4.3m*1.2m+1.2m*2.4m，6cm铝型材边框，LED灯珠，铝箔反光底板，高清软膜UV，尺寸误差不超过±10mm","㎡",8.04,{"v":220,"d":"220.00"},{"v":1768.8,"d":"1768.80"}]
[9,"方皮凳","长40cm*宽40cm高40cm米白色蛋白皮,木质框架，尺寸误差不超过±10mm。","张",{"v":11,"d":"11.00"},{"v":200,"d":"200.00"},{"v":2200,"d":"2200.00"}]
[10,"收纳柜","12门铁皮烤漆更衣柜，高180cm宽85cm深46cm，尺寸误差不超过±10mm。","盒",{"v":1,"d":"1.00"},{"v":1240,"d":"1240.00"},{"v":1240,"d":"1240.00"}]
[11,"背景墙水晶字","8+3水晶字，39cm*39cm","个",{"v":16,"d":"16.00"},{"v":80,"d":"80.00"},{"v":1280,"d":"1280.00"}]
[12,"吧台椅","高脚吧台椅，38.5cm*52cm，不锈钢脚，皮垫，尺寸误差不超过±10mm。","张",{"v":2,"d":"2.00"},{"v":230,"d":"230.00"},{"v":460,"d":"460.00"}]
[13,"墙面镜子","4.53m*2.4m定制高清舞蹈镜，尺寸误差不超过±10mm。","㎡",10.87,{"v":188,"d":"188.00"},2043.56]
["1、2栋辅导员工作室",{"$nulls":5},{"$f":"SUM(G55:G64)","v":{"v":18420,"d":"18420.00"}}]
[1,"办公桌","木质结构，长140cm*宽70cm*高75cm，尺寸误差不超过±10mm","张",{"v":2,"d":"2.00"},{"v":720,"d":"720.00"},{"$f":"E55*F55","v":{"v":1440,"d":"1440.00"}}]
[2,"办公椅","不锈钢脚，皮质靠垫","张",{"v":2,"d":"2.00"},{"v":360,"d":"360.00"},{"v":720,"d":"720.00"}]
[3,"文件柜","铁皮文件柜，长85cm*宽39cm*高180cm，尺寸误差不超过±10mm","个",{"v":2,"d":"2.00"},{"v":700,"d":"700.00"},{"v":1400,"d":"1400.00"}]
[4,"背景墙水晶字","8+3水晶字，25.5cm*25.5cm*8","组",{"v":1,"d":"1.00"},{"v":450,"d":"450.00"},{"v":450,"d":"450.00"}]
[5,"电脑","型号:麒麟9000C，核心/线程：8C/12T，主频2.35Ghz，最高内存支持16GB LPDDR5，最高存储支持1T SSD+2TB HDD，显卡：集卡，机箱尺寸93*315.5*293mm，支持系统：麒麟/统信，显示接口VGA+HDMI","套",{"v":1,"d":"1.00"},{"v":5400,"d":"5400.00"},{"v":5400,"d":"5400.00"}]
[6,"1.5P空调","1.5P一级能效，皓雪白；制冷量≥3510W；制热量≥5010W；制冷功率≥810W；制热功率≥1250W;外机尺寸802x350x555mm,内机尺寸825x196x293mm;空调功率1.5匹,空调类型:壁挂式,内机循环风量≥640立方米/小时,变频一级能效，室内机噪音≤41dB","台",{"v":1,"d":"1.00"},{"v":2900,"d":"2900.00"},{"v":2900,"d":"2900.00"}]
[7,"制度牌","5mm亚克力倒角，画面高清uv,长0.9m*高0.6m，尺寸误差不超过±10mm。","块",{"v":3,"d":"3.00"},{"v":220,"d":"220.00"},{"v":660,"d":"660.00"}]
[8,"皮沙发","五防科技皮【橙色】45D高密度海绵款，宽80cm*高80cm*长240cm，尺寸误差不超过±10mm。","套",{"v":1,"d":"1.00"},{"v":2000,"d":"2000.00"},{"v":2000,"d":"2000.00"}]
[9,"窗帘","天鹅绒麻米白色布艺窗帘克重：1200g/m+罗马杆，宽2m*高2.2m*2套","套",{"v":2,"d":"2.00"},{"v":400,"d":"400.00"},{"v":800,"d":"800.00"}]
[10,"台式打印机","得力DM28ADN  黑白激光打印、复印、彩色扫描，28ppm，自动双面打印16ppm，1200x1200dpi打印分辨率，35页自动进稿器，3700页大容量硒鼓。","台",{"v":1,"d":"1.00"},{"v":2650,"d":"2650.00"},{"v":2650,"d":"2650.00"}]
["1、2栋学雷锋志愿服务站",{"$nulls":5},{"$f":"SUM(G66:G75)","v":{"v":20350,"d":"20350.00"}}]
[1,"办公桌","木质结构，长140cm*宽70cm*高75cm，尺寸误差不超过±10mm","张",{"v":2,"d":"2.00"},{"v":720,"d":"720.00"},{"$f":"E66*F66","v":{"v":1440,"d":"1440.00"}}]
[2,"办公椅","钢制脚，网布靠垫；宽460mm*侧厚460mm*高950mm；","张",{"v":2,"d":"2.00"},{"v":280,"d":"280.00"},{"$f":"E67*F67","v":{"v":560,"d":"560.00"}}]
[3,"文件柜","铁皮文件柜，长85cm*宽39cm*高180cm，尺寸误差不超过±10mm。","个",{"v":1,"d":"1.00"},{"v":700,"d":"700.00"},{"v":700,"d":"700.00"}]
[4,"背景墙水晶字","8+3水晶字，25.5cm*25.5cm*8","组",{"v":1,"d":"1.00"},{"v":450,"d":"450.00"},{"v":450,"d":"450.00"}]
[5,"电脑","型号:麒麟9000C，核心/线程：8C/12T，主频2.35Ghz，最高内存支持16GB LPDDR5，最高存储支持1T SSD+2TB HDD，显卡：集卡，机箱尺寸93*315.5*293mm，支持系统：麒麟/统信，显示接口VGA+HDMI","套",{"v":1,"d":"1.00"},{"v":5400,"d":"5400.00"},{"v":5400,"d":"5400.00"}]
[6,"1.5P空调","1.5P一级能效，皓雪白；制冷量≥3510W；制热量≥5010W；制冷功率≥810W；制热功率≥1250W;外机尺寸802x350x555mm,内机尺寸825x196x293mm;空调功率1.5匹,空调类型:壁挂式,内机循环风量≥640立方米/小时,变频一级能效，室内机噪音≤41dB","台",{"v":1,"d":"1.00"},{"v":2900,"d":"2900.00"},{"v":2900,"d":"2900.00"}]
[7,"制度牌","5mm亚克力倒角，画面高清uv,长0.9m*高0.6m，尺寸误差不超过±10mm。","块",{"v":2,"d":"2.00"},{"v":220,"d":"220.00"},{"v":440,"d":"440.00"}]
[8,"等候椅","加厚加固三人位等候椅，钢制结构+高弹海绵皮垫，长2.9m*宽0.65m*高0.78m，尺寸误差不超过±10mm。","套",{"v":1,"d":"1.00"},{"v":1160,"d":"1160.00"},{"v":1160,"d":"1160.00"}]
[9,"学生健康体检医疗设备","超声波身高体重血压测量仪一体机。功能：全自动测量，语音引导/播报，高清数码触摸屏，快速测量身高（50-210cm）、体重(3-180kg）、BMI、血压、心率等。热敏打印测量报告，直插供电。超声波身高体重血压测量仪一体机。功能：全自动测量，语音引导/播报，高清数码触摸屏，快速测量身高（50-210cm）、体重(3-180kg）、BMI、血压、心率等。热敏打印测量报告，直插供电。","组",{"v":1,"d":"1.00"},{"v":6500,"d":"6500.00"},{"v":6500,"d":"6500.00"},"品牌：上禾、花潮、晨洁。"]
[10,"窗帘","天鹅绒麻米白色布艺窗帘克重：1200g/m+罗马杆，宽2m*高2.2m*2套","套",{"v":2,"d":"2.00"},{"v":400,"d":"400.00"},{"v":800,"d":"800.00"}]
["合计",null,{"$f":"G76","v":196620.24},{"$nulls":3},{"$f":"+G65+G54+G40+G27+G3+G16","v":196620.24}]